000 00723nam a2200265 a 4500
003 AR-BaBNM
005 20251128202942.0
008 082120s2002 ||||||||||||||000 | spa||
040 _cAR-BaBNM
100 1 _aLlambías, Jorge Joaquín
245 0 0 _aTratado de derecho civil
_bparte general : nociones fundamentales, personas. 1
250 _a3ª ed. aum. y corr.
260 _aBuenos Aires
_bPerrot
_c1967
300 _a715 p.
500 _aIndice p. 697-715
650 4 _aDERECHO CIVIL
650 4 _aHISTORIA DEL DERECHO
650 4 _aCODIGOS
650 4 _aCODIGO CIVIL
650 4 _aPERSONAS JURIDICAS
650 4 _aDERECHO SUCESORIO
650 4 _aLEGISLACION ARGENTINA
942 _cBK
998 _cAndrea
999 _c1260
_d1260